000 00213 a2200097 4500
001 45509
100 _aVenables, S
245 _aPainted mountains
260 _aLondon
_bHodder stoughton
_c
090 _c28668
_d28668
942 _aNUST-CAE
_cM
_c20744
999 _c280582
_d280582